Gravity data in India (Record no. 86296)

MARC details
000 -LEADER
fixed length control field 00434cam a2200181 4500
001 - CONTROL NUMBER
control field D12871
008 - FIXED-LENGTH DATA ELEMENTS--GENERAL INFORMATION
fixed length control field 090401t1956 xxu||||| |||| 00| 0 eng d
035 ## - SYSTEM CONTROL NUMBER
System control number (Sirsi) u6421
041 ## - LANGUAGE CODE
Language code of text/sound track or separate title eng
100 ## - MAIN ENTRY--PERSONAL NAME
Personal name Gulatee, B.L.
245 ## - TITLE STATEMENT
Title Gravity data in India
260 ## - PUBLICATION, DISTRIBUTION, ETC.
Name of publisher, distributor, etc. Surveyor General of India
Date of publication, distribution, etc. 1956
350 ## - PRICE (NR) (BK AM CF MU VM SE) [OBSOLETE]
Price 0
490 ## - SERIES STATEMENT
Series statement Survey of India Technical Paper
Volume/sequential designation 10
520 ## - SUMMARY, ETC.
Summary, etc. Shelf 181
942 ## - ADDED ENTRY ELEMENTS (KOHA)
Suppress in OPAC 0
948 ## - LOCAL PROCESSING INFORMATION (OCLC); SERIES PART DESIGNATOR (RLIN)
c (OCLC) 04/03/1997
Holdings
Withdrawn status Lost status Source of classification or shelving scheme Damaged status Not for loan Home library Current library Shelving location Date acquired Total Checkouts Full call number Barcode Date last seen Copy number Price effective from Koha item type
    Other/Generic Classification Scheme     London London Basement 14/09/1999   SHELF 181 30013903 06/08/2019 1 06/08/2019 Reference material